000 00413 a2200169 4500
001 002512
003 OSt
005 20220128170002.0
008
082 _a541.37
_bB75E
100 1 _aBrett, Christopher M.A.
245 1 _aElectrochemistry
_cby Christopher M.A. Brett
260 _aNew York
_bOxford
_c2005
300 _a427p.
653 _aElectrochemistry
942 _2ddc
_cBK
999 _c93
_d93